| 000 | 00748pam a2200229 a 4500 | ||
|---|---|---|---|
| 001 | 4032129 | ||
| 005 | 20180111091703.0 | ||
| 008 | 980330s1999 njua b 001 0 eng | ||
| 010 | _a 98007010 | ||
| 020 | _a0138419175 | ||
| 040 |
_aDLC _cDLC _dDLC |
||
| 041 | _aeng | ||
| 080 | _a547.0078 LEH | ||
| 082 | 0 | 0 |
_a547.0078 LEH _221 |
| 100 | 1 | _a12 | |
| 101 | _aKIM | ||
| 245 | 1 | 0 |
_aOperational organic chemistry : _cJohn W. Lehman. |
| 504 | _aIncludes bibliographical references (p. 798-801) and index. | ||
| 906 |
_a7 _bcbc _corignew _d1 _eocip _f19 _gy-gencatlg |
||
| 942 |
_2ddc _cBK |
||
| 999 |
_c40140 _d40140 |
||